000 01266nam0a22002771 4500
001 rc\2675085
005 20260406104436.0
035 _a(NLR Aleph) 006803596
090 _a6269396
_c6269396
100 _a20110915d1932 |||y0rusy50 ca
101 0 _arus
102 _aRU
105 _ay z |||c|
200 1 _aМировой экономический кризис
_eОчерки по странам
_eСборник редактировали: т. Е. Варга, М. Иоэльсон и Г. Механик
_fИн-т мирового хоз-ва и мировой политики Ком. акад.
210 _aМосква
_cПартиздат
_d1932
_gф-ка книги "Красный пролетарий"
215 _aОбл., 349 с., 3 с. объявл.
_d23х14 см.
702 1 _aМеханик
_bГ.
_4340
702 1 _4340
_aВарга
_bЕ. С.
_f1879-1964
_gЕвгений Самуилович
_9149835
_3RU\NLR\AUTH\770149871
702 1 _aИоэльсон
_bМ.
_4340
712 0 2 _aИнститут мирового хозяйства и мировой политики
_cМосква
_9277297
_3RU\NLR\AUTH\883077
801 0 _aRU
_bNLR
_gpsbo
801 1 _aRU
_bELAR
_2rusmarc
852 _aNLR
_j32-4/1490
942 _cBOOK
980 _aNB